| 000 -CABECERA |
| Longitud fija campo de control |
00609nam a2200193 a 4500 |
| 001 - NÚMERO DE CONTROL |
| Número de control |
2702 |
| 003 - IDENTIFICADOR DEL NÚMERO DE CONTROL |
| Identificador del número de control |
CDMR |
| 005 - FECHA Y HORA DE LA ÚLTIMA TRANSACCIÓN |
| Fecha y hora de la última transacción |
20131112171451.0 |
| 008 - CÓDIGOS DE INFORMACIÓN DE LONGITUD FIJA |
| Códigos de información de longitud fija |
130130s1991||||||||||||||||||||||||||||d |
| 040 ## - FUENTE DE LA CATALOGACIÓN |
| Centro catalogador de origen |
CDMR |
| Lengua de catalogación |
cat |
| Centro transcriptor |
CDMR |
| 100 1# - PUNTO DE ACCESO PRINCIPAL-NOMBRE DE PERSONA |
| Nombre de persona |
San Agustín, Arturo |
| 9 (RLIN) |
2019 |
| 245 10 - MENCIÓN DE TÍTULO |
| Título |
Mamá, quiero ser periodista |
| Resto del título |
: toda la verdad -o casi- sobre el oficio más loco del mundo |
| Mención de responsabilidad, etc. |
Arturo San Agustín |
| 260 ## - PUBLICACIÓN, DISTRIBUCIÓN, ETC. (PIE DE IMPRENTA) |
| Lugar de publicación, distribución, etc. |
Barcelona |
| Fecha de publicación, distribución, etc. |
1991 |
| Nombre del editor, distribuidor, etc. |
Ediciones B |
| 300 ## - DESCRIPCIÓN FÍSICA |
| Extensión |
256 p ; |
| Dimensiones |
19 cm |
| 490 0# - MENCIÓN DE SERIE |
| Mención de serie |
Dolce Vita |
| Designación de volumen o secuencia |
24 |
| 650 04 - PUNTO DE ACCESO ADICIONAL DE MATERIA - TÉRMINO DE MATERIA |
| 9 (RLIN) |
2030 |
| Término de materia o nombre geográfico como elemento inicial |
Periodisme |
| Subdivisión de materia general |
Orientació professional |
| 650 04 - PUNTO DE ACCESO ADICIONAL DE MATERIA - TÉRMINO DE MATERIA |
| 9 (RLIN) |
4187 |
| Término de materia o nombre geográfico como elemento inicial |
Periodisme |
| Subdivisión de materia general |
Anècdotes |
| 942 ## - ENTRADA DE ELEMENTOS AGREGADOS (KOHA) |
| Koha [por defecto] tipo de item |
Monografies |
| Fuente de clasificaión o esquema |
|